Online
Catalog
Normal view MARC view

Entry Nombre de reunión

Number of records used in: 1

001 - NÚMERO DE CONTROL

  • campo de control: 51173

003 - IDENTIFICADOR DEL NÚMERO DE CONTROL

  • campo de control: OSt

005 - FECHA Y HORA DE LA ÚLTIMA TRANSACCIÓN

  • campo de control: 20200615034403.0

008 - DATOS DE LONGITUD FIJA

  • campo de control de longitud fija: 200615|| aca||aabn | a|a d

040 ## - FUENTE DE LA CATALOGACIÓN

  • Centro catalogador/agencia de origen: OSt
  • Centro/agencia transcriptor: OSt

111 ## - ENCABEZAMIENTO--NOMBRE DE CONGRESO/REUNIÓN

  • Nombre de congreso/reunión o jurisdicción como elemento de entrada: Congreso Internacional de Arquología del Caribe
  • Número del congreso/reunión o número de parte o sección: (20 :
  • Fecha del congreso/reunión: 2003 :
  • Sede del congreso/Lugar de la reunión: Santo Domingo)

670 ## - FUENTE DE DATOS ENCONTRADOS

  • Cita de la fuente: Work cat.: (OSt)24421: Congreso Internacional de Arquología del Caribe (20 : 2003 : Santo Domingo), Actas del XX Congreso Internacional de Arqueología del Caribe = Proceedings of the XX International Congress for Caribbean Archaeology = Actes du XXe Congrès International D' Archéologie de la Caraïbe /, 2005.

Powered by Koha